000 00443nam a2200181Ia 4500
001 18060
005 20260306171603.0
008 260306s9999||||xx |||||||||||||| ||und||
041 _aESP
082 _a658.4
_bH87
100 _aHuerta Mata, Juan José
_eAUT
245 0 _aDesarrollo de habilidades directivas
260 _c2014
300 _axxii, 424 páginas :
_c26 cm.
650 _aGEN
654 _aCAN
942 _cLIB
_dJUS
_fJUS
_2ddc
_n
999 _c18060
_d18060